Statistics for Countries of Europe With a Disappearing Map

Click here to take the quiz!

General Stats

  • This quiz has been taken 512 times
  • The average score is 44 of 45

Answers on the Map

Answers color-coded by a green-red scale on the quiz's map according to % correct below.
Loading ...
 

Answer Stats

Country% Correct
United
Kingdom
100%
Portugal
99%
Sweden
99%
Spain
99%
Russia
99%
Italy
99%
Finland
99%
France
99%
Ireland
99%
Greece
99%
Norway
98%
Iceland
98%
Poland
98%
Luxembourg
98%
Latvia
98%
Germany
98%
Netherlands
98%
Slovenia
98%
Denmark
98%
Ukraine
98%
Belgium
98%
Austria
98%
Slovakia
97%
Switzerland
97%
Romania
97%
Albania
97%
Lithuania
97%
Vatican City
97%
Belarus
97%
Croatia
97%
Czech
Republic
97%
Estonia
97%
Hungary
96%
Bulgaria
96%
Serbia
96%
Liechtenstein
96%
Andorra
96%
San Marino
95%
North
Macedonia
95%
Malta
95%
Bosnia and
Herzegovina
95%
Moldova
95%
Monaco
95%
Kosovo
94%
Montenegro
93%

Score Distribution

Percentile by Number Answered

Percent of People with Each Score

Your Score History

You have not taken this quiz